Tôi tài giỏi, bạn cũng thế!

Tổng hợp những kỹ năng và phương pháp đã mang tới thành công vượt bậc của cậu bé Adam như: có những phương pháp học siêu đẳng, có động lực cá nhân mạnh mẽ và có sự chuẩn bị cho kì thi một cách tối ưu nhất...

תיאור מלא

שמור ב:
מידע ביבליוגרפי
מחבר ראשי: Khoo, Adam
פורמט: ספר
שפה:Undetermined
יצא לאור: Hà Nội Phụ Nữ 2014
נושאים:
תגים: הוספת תג
אין תגיות, היה/י הראשונ/ה לתייג את הרשומה!
Thư viện lưu trữ: Trung tâm Học liệu Trường Đại học Cần Thơ
LEADER 00961nam a2200205Ia 4500
001 CTU_188566
008 210402s9999 xx 000 0 und d
020 |c 110000 
082 |a 371.3028 
082 |b K45 
100 |a Khoo, Adam 
245 0 |a Tôi tài giỏi, bạn cũng thế! 
245 0 |c Adam Khoo ; Trần Đăng Khoa, Uông Xuân Vy ( Dịch giả ) 
260 |a Hà Nội 
260 |b Phụ Nữ 
260 |c 2014 
520 |a Tổng hợp những kỹ năng và phương pháp đã mang tới thành công vượt bậc của cậu bé Adam như: có những phương pháp học siêu đẳng, có động lực cá nhân mạnh mẽ và có sự chuẩn bị cho kì thi một cách tối ưu nhất 
650 |a Learning styles,Phương pháp học tập 
910 |a Phan Truờng Nhất,Hải 
980 |a Trung tâm Học liệu Trường Đại học Cần Thơ